| 000 | 00763nam a2200241 4500 | ||
|---|---|---|---|
| 001 | 36891 | ||
| 010 | _a9789895762460 | ||
| 021 |
_aPT _b547253/25 |
||
| 090 | _a36891 | ||
| 100 | _a20251015d2025 m y0pory50030103ba | ||
| 101 | 1 | _apor | |
| 102 | _aPT | ||
| 200 | 1 |
_aA infantilização da mente moderna _ecomo as boas intenções e as más ideias estão a preparar uma geração para o fracasso _fGreg Lukianoff, Jonathan Haidt _gtrad. Inês Lucas |
|
| 205 | _a1.ª ed | ||
| 210 | 9 |
_aLisboa _cGuerra e Paz _d2025 |
|
| 215 |
_a378, [6] p. _d23 cm |
||
| 304 | _aTít. orig.: The coddling of the American mind | ||
| 606 |
_93335 _aPsicologia |
||
| 700 |
_aLukianoff _bGreg _97201 |
||
| 701 |
_aHaidt _bJonathan _4070 _96932 |
||
| 801 | 0 |
_aPT _bBN _gRPC |
|
| 990 | _cLIVROS | ||
| 994 | _aCOMP | ||